| 000 | 00696nam a2200217 a 4500 | ||
|---|---|---|---|
| 001 | 13073 | ||
| 003 | BD-JhCC | ||
| 005 | 20230617080208.0 | ||
| 008 | 171219s2016 bg |||| |||| 000 0 ben d | ||
| 020 | _a9789847762326 | ||
| 035 | _a(BD-JhCC)13073 | ||
| 040 |
_aBD-JhCC _dBD-JhCC |
||
| 041 | _abengali | ||
| 082 |
_bAKH 2016 _a 651.13 |
||
| 100 | _aআখতারুজ্জামান, সৈয়দ | ||
| 245 |
_aঅফিস দক্ষতা ৩০ মন্ত্র / _cসৈয়দ আখতারুজ্জামান । |
||
| 260 |
_aঢাকা: _bঐতিহ্য; _c২০১৬. |
||
| 300 |
_a101 p.; _c22 cm |
||
| 650 | _aOffice Management | ||
| 942 |
_2ddc _cBK _02 |
||
| 999 |
_c13073 _d13073 |
||